SCUM : manifesto per l'eliminazione dei maschi /

में बचाया:
ग्रंथसूची विवरण
मुख्य लेखक: Solanas, Valerie (लेखक)
अन्य लेखक: Apa, Adriana
स्वरूप: पुस्तक
भाषा:इतालवी
प्रकाशित: Milano : ES, ©1994,
श्रृंखला:Piccola biblioteca dell'eros ; 16
विषय:
टैग: टैग जोड़ें
कोई टैग नहीं, इस रिकॉर्ड को टैग करने वाले पहले व्यक्ति बनें!

MARC

LEADER 00000nam a22000007i 4500
001 IT\ICCU\VEA\0077452
003 ItRI
005 20260115231943.0
008 960105s1994 it |||||| ||||| |||||c
015 |2 IT  |a 98-237s 
020 |a 8885357687 
040 |b ita  |c importazione bologna sebina 
041 7 |a ita  |2 ISO-639-2 
082 |a 305.31  |9 GRUPPI SECONDO IL SESSO. UOMINI  |2 20 
100 1 |a Solanas, Valerie  |0 IT\ICCU\RAVV\062656  |4 aut 
240 1 0 |a SCUM manifesto.  |3 IT\ICCU\RAV\0154270  |9 Solanas, Valerie 
245 1 0 |a SCUM :  |b manifesto per l'eliminazione dei maschi /  |c Valerie Solanas ; traduzione di Adriana Apa. 
246 1 3 |a Manifesto per l'eliminazione dei maschi  |9 IT\ICCU\VEA\0077454 
260 |a Milano :  |b ES,  |c ©1994,  |g (stampa 1993) 
300 |a 68 p. ;  |c 20 cm. 
500 |a Tit. del dorso  |0 IT\ICCU\VEA\0077454 
650 7 |a Relazioni interpersonali 
650 7 |a Uomo  |x Comportamento 
700 1 |a Apa, Adriana  |0 IT\ICCU\RAVV\046867 
830 0 |a Piccola biblioteca dell'eros ;  |v 16  |0 IT\ICCU\LO1\0304309 
942 |2 ddc  |c BK  |n 0 
952 |0 0  |1 0  |4 0  |6 DOC_305_310000000000000_SOL  |7 0  |9 17745  |a BO  |b BO  |d 2026-01-15  |i 14038  |l 0  |o DOC 305.31 SOL  |p BO14038  |r 2026-01-15 23:19:43  |w 2026-01-15  |x [Sebina 5] [1 v.]  |y BK  |z 1 v. 
999 |c 15104  |d 15104